[Event "Nova Gorica op 23rd"]
[Site "Nova Gorica"]
[Date "2018.01.30"]
[Round "7"]
[White "Milicevic, Zoran"]
[Black "Gabassi, Francesco"]
[Result "0-1"]
[WhiteElo "1600"]
[BlackElo "1749"]
[PlyCount "52"]
[EventDate "2018.01.26"]
[EventType "swiss"]
[EventRounds "9"]
[EventCountry "SLO"]
[SourceTitle "CBM 182 Extra"]
[Source "ChessBase"]
[SourceDate "2018.02.23"]
[SourceVersion "1"]
[SourceVersionDate "2018.02.23"]
[SourceQuality "1"]

1. d4 c5 2. dxc5 Na6 3. Nf3 Nxc5 4. g3 Nf6 5. Nc3 g6 6. Bg2 Bg7 7. 0-0 0-0 8. Bg5 Ne6 9. Qd2 Nxg5 10. Nxg5 d6 11. Nge4 Qa5 12. Nxf6+ Bxf6 13. Ne4 Qxd2 14. Nxd2 Bxb2 15. Rab1 Bc3 16. Rfd1 Rb8 17. Nc4 Be6 18. Rd3 b5 19. Nxd6 b4 20. Ne4 Bg7 21. Nc5 Bxa2 22. Rbd1 Rbc8 23. Na6 Bc4 24. Bb7 Bxd3 25. Bxc8 Bxc2 26. Rc1 b3 0-1

[Event "Venice Autumn op-A 23rd"]
[Site "Venice S Leonardo"]
[Date "2016.10.30"]
[Round "3.6"]
[White "Gabassi, Francesco"]
[Black "Ballarin, Gabriele"]
[Result "0-1"]
[WhiteElo "1813"]
[BlackElo "1897"]
[PlyCount "104"]
[EventDate "2016.10.29"]
[EventType "swiss"]
[EventRounds "6"]
[EventCountry "ITA"]
[SourceTitle "EXT 2023"]
[Source "ChessBase"]
[SourceDate "2022.10.05"]
[SourceVersion "1"]
[SourceVersionDate "2022.10.05"]
[SourceQuality "1"]

1. Nf3 d6 2. b3 e5 3. d3 Nf6 4. Nbd2 Nbd7 5. g3 g6 6. Bb2 Bg7 7. Bg2 0-0 8. c4 a5 9. a3 c6 10. 0-0 Nc5 11. b4 Ne6 12. Qc2 Nh5 13. c5 axb4 14. axb4 Rxa1 15. Rxa1 dxc5 16. bxc5 Qe7 17. Ne4 Rd8 18. Bxe5 Bxe5 19. Nxe5 Nd4 20. Qd1 Qxe5 21. e3 Nb5 22. d4 Qe7 23. Ra8 Be6 24. Rxd8+ Qxd8 25. Qf3 Bd5 26. g4 Bxe4 27. Qxe4 Nf6 28. Qf3 Nd5 29. Qg3 Qc7 30. Qf3 Kg7 31. h4 h6 32. Bf1 Na7 33. Bd3 Nc8 34. h5 Nce7 35. hxg6 fxg6 36. e4 Qf4 37. Qxf4 Nxf4 38. Bc4 Kf6 39. Kh2 Kg5 40. Kg3 h5 41. f3 h4+ 42. Kh2 Kh6 43. Kh1 g5 44. Kh2 Kg6 45. Kh1 Kg7 46. Kh2 Kf8 47. Kh1 Neg6 48. d5 Ne5 49. dxc6 bxc6 50. Ba6 Nxf3 51. Bc8 Ke7 52. Bf5 Ne5 0-1

[Event "Venice Autumn op-A 23rd"]
[Site "Venice S Leonardo"]
[Date "2016.10.29"]
[Round "1.7"]
[White "Gabassi, Francesco"]
[Black "Cesaro, Giuliano"]
[Result "1-0"]
[WhiteElo "1813"]
[BlackElo "1893"]
[PlyCount "103"]
[EventDate "2016.10.29"]
[EventType "swiss"]
[EventRounds "6"]
[EventCountry "ITA"]
[SourceTitle "EXT 2023"]
[Source "ChessBase"]
[SourceDate "2022.10.05"]
[SourceVersion "1"]
[SourceVersionDate "2022.10.05"]
[SourceQuality "1"]

1. Nf3 Nf6 2. b3 g6 3. Bb2 Bg7 4. c4 0-0 5. g3 d6 6. d4 Nbd7 7. Bg2 e5 8. 0-0 exd4 9. Nxd4 Nc5 10. Nc3 Rb8 11. f3 Ne6 12. e4 Nxd4 13. Qxd4 Ng4 14. Qd2 Ne5 15. Nd5 c6 16. Ne3 Qb6 17. Kh1 Be6 18. Qc3 f6 19. f4 Ng4 20. Nxg4 Bxg4 21. h3 Be6 22. Rad1 Rbd8 23. f5 Bf7 24. g4 g5 25. Ba3 c5 26. Bb2 a5 27. a4 Be8 28. Rd3 Rf7 29. Rfd1 Rfd7 30. Bc1 Qb4 31. Qb2 Kf7 32. Bd2 Qb6 33. Qc3 Ra8 34. Be1 Bf8 35. Bf2 Rad8 36. Be1 Ra8 37. Qd2 Be7 38. h4 h6 39. hxg5 hxg5 40. Rh3 Kg7 41. Qc3 Rdd8 42. Bd2 Bc6 43. Bxg5 Rh8 44. Bh4 Kf7 45. Kg1 Rag8 46. Bf3 Bxe4 47. Bxe4 Rxg4+ 48. Bg2 Rgxh4 49. Rxh4 Rxh4 50. Qg3 Rh6 51. Bd5+ Ke8 52. Qg8+ 1-0

[Event "Udine Oro Caffe op 2nd"]
[Site "Udine"]
[Date "2009.07.12"]
[Round "7"]
[White "Muradore, Aldo"]
[Black "Gabassi, Francesco"]
[Result "0-1"]
[WhiteElo "1487"]
[BlackElo "1888"]
[PlyCount "64"]
[EventDate "2009.07.06"]
[EventType "swiss"]
[EventRounds "7"]
[EventCountry "ITA"]
[SourceTitle "EXT 2011"]
[Source "ChessBase"]
[SourceDate "2010.11.26"]
[SourceVersion "1"]
[SourceVersionDate "2010.11.26"]
[SourceQuality "1"]

1. d4 c5 2. d5 Nf6 3. c4 Ne4 4. Qc2 Qa5+ 5. Bd2 Nxd2 6. Nxd2 g6 7. Ngf3 d6 8. b3 Bg7 9. Rc1 Na6 10. e4 Nb4 11. Qb1 Nxa2 12. b4 cxb4 13. Rc2 Nc3 14. Qb2 0-0 15. Nb3 Qa4 16. Nfd4 Nxe4 17. Bd3 Nc5 18. 0-0 Nxd3 19. Qb1 Nc5 20. Ra2 Qd7 21. Nxc5 dxc5 22. Nb3 b6 23. Re2 Qd6 24. Rd1 Bf5 25. Qc1 a5 26. Qe3 a4 27. Nd2 Bg4 28. Nf3 Bxf3 29. Qxf3 a3 30. Ra2 Qe5 31. h4 Qc3 32. Qe4 b3 0-1

[Event "Udine Oro Caffe op 1st"]
[Site "Udine"]
[Date "2008.07.07"]
[Round "3"]
[White "Muzzolini, Claudio"]
[Black "Gabassi, Francesco"]
[Result "0-1"]
[WhiteElo "1868"]
[BlackElo "1894"]
[PlyCount "70"]
[EventDate "2008.07.05"]
[EventType "swiss"]
[EventRounds "6"]
[EventCountry "ITA"]
[SourceTitle "EXT 2010"]
[Source "ChessBase"]
[SourceDate "2010.11.25"]
[SourceVersion "1"]
[SourceVersionDate "2010.11.25"]
[SourceQuality "1"]

1. e4 d5 2. exd5 Qxd5 3. Nc3 Qa5 4. d4 c6 5. Bd3 Bf5 6. Nf3 Bxd3 7. Qxd3 Nf6 8. 0-0 e6 9. Bd2 Nbd7 10. Rfe1 Bb4 11. Ne5 0-0 12. a3 Bxc3 13. Bxc3 Qc7 14. Re3 Nxe5 15. Rxe5 Rfd8 16. Qh3 Rd5 17. Rae1 Rad8 18. Qf3 Rxe5 19. dxe5 Nd5 20. Bd2 Qb6 21. Bc1 Qc5 22. c3 Nb6 23. Qg3 Kh8 24. h4 Qc4 25. h5 Rd3 26. Qg5 h6 27. Qe7 Rd7 28. Qe8+ Kh7 29. Be3 Qd5 30. Bxb6 axb6 31. Qa8 Qd2 32. Re3 Qxb2 33. Qf8 Qb1+ 34. Kh2 Qf5 35. g4 Qxf2+ 0-1